Những bài ca giáo lý của người Dao

Gồm những câu nói có vần, có nhịp điệu nhằm răn dạy giáo lý, đạo đức trong gia đình, trong cộng đồng người Dao

Shranjeno v:
Bibliografske podrobnosti
Drugi avtorji: Trần Hữu Sơn (ch.b.), Phạm Công Hoan, Nguyễn Ngọc Thanh, Triệu Văn Quẩy, Nguyễn Văn Thắng
Format: Knjiga
Jezik:Vietnamese
Izdano: H. Văn hoá dân tộc 2012
Teme:
Oznake: Označite
Brez oznak, prvi označite!
Thư viện lưu trữ: Mạng thư viện Đại học Đà Nẵng
LEADER 01619aam a22004338a 4500
001 000018003
003 14430
005 20130821090808.0
008 130821s2012 viesd
020 |d 2000b 
041 0 |a vie 
082 1 4 |2 14  |a 398.809597  |b Bai 
245 0 0 |a Những bài ca giáo lý của người Dao  |c Trần Hữu Sơn (ch.b.), Triệu Văn Quẩy, Nguyễn Văn Thắng... 
260 |a H.  |b Văn hoá dân tộc  |c 2012 
300 |a 526 tr.  |b ảnh  |c 21 cm. 
500 |a ĐTTS ghi: Hội Văn nghệ dân gian Việt Nam 
520 |a Gồm những câu nói có vần, có nhịp điệu nhằm răn dạy giáo lý, đạo đức trong gia đình, trong cộng đồng người Dao 
650 7 |2 Bộ TK TVQG  |a Văn học dân gian  |v Bài ca  |x Dân tộc Dao  |z Việt Nam 
650 7 |2 Bộ TK TVQG 
650 7 |2 Bộ TK TVQG 
651 7 |2 Bộ TK TVQG  |a Việt Nam 
653 |a Bài ca 
653 |a Giáo lý 
653 |a Dân tộc Dao 
700 1 |a Trần Hữu Sơn  |e ch.b. 
700 1 |a Phạm Công Hoan 
700 1 |a Nguyễn Ngọc Thanh 
700 1 |a Triệu Văn Quẩy 
700 1 |a Nguyễn Văn Thắng 
OWN |a LSP 
AVA |a UDN50  |b LSP  |d 398.809597 Bai  |e available  |t Error 5001 Not defined in file expand_doc_bib_avail.  |f 1  |g 0  |h N  |i 0  |k 1 
999 |a From the UDN01 
AVA |a UDN50  |b LSP  |d 398.809597 Bai  |e available  |t Error 5001 Not defined in file expand_doc_bib_avail.  |f 1  |g 0  |h N  |i 0  |k 1 
TYP |a Monograph 
TYP |a Printed language 
980 |a Mạng thư viện Đại học Đà Nẵng